000 02474cab a2200277 ab4500
005 20250606063820.0
008 991125c2019 sp tr p o 000 0 spa d
035 _aUPN01000232894
040 _aMX-MxUPN
_bspa
_cMX-MxUPN
_eaacr2
049 _aART-E
100 1 _aMetesanz del Barrio, María
245 1 0 _aConciencia lingüística en la construcción de discursos multilingües :
_bla intercomprensión espontánea en portuñol
506 0 _aAcceso abierto
520 3 _aLa producción de discursos multilingües es muy baja en relación a la generación de discursos monolingües, máxime si se tiene en cuenta la configuración multilingüe de nuestras sociedades. Los hablantes tienden a conformar discursos monolingües no solamente cuando se comunican en su lengua materna (L1), lo que es evidente, sino cuando la comunicación se realiza en una segunda lengua (L2). Localizar en la red producciones orales y escritas multilingües no resulta tarea fácil. La preferencia por la comunicación monolingüe en segundas lenguas responde a diversos factores, entre los que destacan la eficiencia comunicativa y el prestigio de la comunicación monolingüe, aspecto este último de gran influencia sobre los hablantes. En situaciones comunicativas formales en L2 no hay duda de que el discurso que domina es monolingüe. También en las comunicaciones no formales, pero en entornos naturales se observa una mayor libertad en la elección discursiva y la conciencia lingüística de los hablantes influye positivamente en la generación de discursos multilingües. Nos acercamos a esta cuestión desde la perspectiva de la intercomprensión espontánea en español y portugués partiendo de un corpus de estudio en el que se han registrado producciones orales y escritas de intercomprensión espontánea. Su análisis nos ha permitido observar una conciencia lingüística favorable a la interacción en distintas lenguas, lo que entrada de forma natural al discurso multilingüe. RIE
650 4 _aMultilingüísmo
_913871
650 4 _aComunicación
_99285
653 0 _aConciencia lingüística
653 0 _aIntercomprensión
653 0 _aDiscursos multilingües
773 _gVol. 81, no. 1, esp. (2019), p. 75-96
_tRevista iberoamericana de educación
_x1681-5653
856 4 _uhttps://rieoei.org/RIE/article/view/3557/4053
856 4 _uhttps://doi.org/10.35362/rie8113557
902 _aLeonor Sotres/160525
905 _aArticulo
942 _cART-E
999 _c204989
_d204989